Control processes in virus multiplication (Record no. 28740)

MARC details
000 -LEADER
fixed length control field 00472nam a2200145Ia 4500
082 ## - DEWEY DECIMAL CLASSIFICATION NUMBER
Classification number 578(06)
Item number BUR
100 ## - MAIN ENTRY--AUTHOR NAME
Personal name BURKE, D C
245 #0 - TITLE STATEMENT
Title Control processes in virus multiplication
260 ## - PUBLICATION, DISTRIBUTION, ETC. (IMPRINT)
Place of publication Cambridge
Name of publisher Cambridge University
Year of publication 1975
505 ## - FORMATTED CONTENTS NOTE
Formatted contents note Twenty fifth symposium of the society for general microbiology held at Imperial collge, London
650 ## - SUBJECT ADDED ENTRY--TOPICAL TERM
Topical Term Virus multiplication
700 ## - ADDED ENTRY--PERSONAL NAME
Personal name RUSSEL, W C
942 ## - ADDED ENTRY ELEMENTS (KOHA)
Koha item type Books
Holdings
Withdrawn status Lost status Damaged status Not for loan Home library Current library Date acquired Full call number Accession Number Koha item type
        RRII Library RRII Library 16/12/2021 578(06) BUR 09334 Books